| 000 | 01494nam a2200325 4500 | ||
|---|---|---|---|
| 001 | 449 | ||
| 003 | OSt | ||
| 005 | 20250701145021.0 | ||
| 008 | 250701b |||||||g |||| 00| j eng d | ||
| 020 | _a853251250 | ||
| 040 | _bpor | ||
| 041 |
_heng _apor |
||
| 082 |
_a028.5 _bA649m |
||
| 100 | 1 |
_aApplegate, Katherine. _d1956 - |
|
| 240 | _aAnimorphs: the message | ||
| 245 |
_aAnimorphs: _bA mensagem / _cApplegate, Katherine; Tradução de Cristina Band |
||
| 260 |
_aRio de Janeiro _bRocco _c2001 |
||
| 300 | _a140 p. | ||
| 520 | _a "Tudo começou com aquele sonhos. Mas Cassie não levou muito a sério. Ela e seus amigos sempre tiveram sonhos estanhos desde que aprenderam a morfar em animais. Talvez fosse mesmo algum efeito colateral maluco do poder de transformação. Foi quando Cassie descobriu que Tobias sentia exatamente a mesma coisa. Ele Também sonhava com o mar e convivia com um estranho sentimentoi de que alguém estava chamando, pedindo ajuda. Agora, Cassie Tobias Jake, Rachel e Marco precisavam descobrir se os sonhos eram uma mensagem ou uma armadilha. Se fosse uma armadinha, serio o fim... " | ||
| 650 | 0 |
_aLiteratura Americana _984 |
|
| 650 | 0 |
_aInvasão alienígena _9986 |
|
| 650 | 0 |
_aAdolescentes como heróis _9987 |
|
| 650 | 0 |
_aInfantojuvenil _9200 |
|
| 650 | 0 |
_aTransformação em animais _9988 |
|
| 655 | 0 |
_aRomance _923 |
|
| 655 | 0 |
_aFicção _922 |
|
| 700 |
_aCristina Band _eTRADUTOR _9984 |
||
| 830 |
_aAnimorphs _9985 _vvol. 04 |
||
| 942 |
_2ddc _n0 _cBK |
||
| 999 |
_c449 _d449 |
||